00834nam a2200241 a 450000100060000000300080000600500170001400800410003103500190007204000270009104100080011808200250012610000280015124500460017926000440022530000340026950400390030365000300034283000530037294200120042599900170043795201380045470699BD-RjUL20211209082030.0170419s1964 maua b 001 0 eng  a(BD-RjUL)70913 aDLCcDLCdBD-RjULbeng aeng00a539.14223bLAS 19641 aLagowski, J. J.920926814aThe structure of atoms /cJ. J. Lagowski. aBoston :bHoughton Mifflin Co.,cc1964. avii, 120 p. :bill. ;c23 cm. aIncludes index and bibliographies. 0aAtomic structure.9144316 aClassic researches in general chemistry,9209269 2ddccBK c70699d70699 00102ddc40718NFICaRUCLbRUCLcReadingd1966-06-25eAsia Foundationl0o539.14 LAS 1964r2017-04-19 00:00:00tC-1w2017-04-19yBK